Ensayo de un diccionario biográfico de los poetas que florecieron en el Reino de Valencia hasta el año 1700 / (Record no. 184924)

MARC details
000 -LEADER
campo de control de longitud fija 00676nam a2200169 i 4500
001 - NÚMERO DE CONTROL
campo de control 184924
003 - IDENTIFICADOR DE NÚMERO DE CONTROL
campo de control ES-MaACL
005 - FECHA Y HORA DE LA ÚLTIMA TRANSACCIÓN
campo de control 20230906222317.0
008 - DATOS DE LONGITUD FIJA--INFORMACIÓN GENERAL
campo de control de longitud fija 160219s1927 sp |||| | spa d
100 1# - ENTRADA PRINCIPAL--NOMBRE DE PERSONA
Nombre de persona Martí Grajales, Francisco.
9 (RLIN) 158822
245 10 - MENCIÓN DEL TÍTULO
Título Ensayo de un diccionario biográfico de los poetas que florecieron en el Reino de Valencia hasta el año 1700 /
Mención de responsabilidad, etc. por Francisco Martí Grajales.
260 ## - PUBLICACIÓN, DISTRIBUCIÓN, ETC.
Lugar de publicación, distribución, etc. Madrid :
Nombre del editor, distribuidor, etc. Rev. de Archivos,
Fecha de publicación, distribución, etc. 1927.
300 ## - DESCRIPCIÓN FÍSICA
Extensión 482 p. ;
Dimensiones 29 cm.
650 #4 - PUNTO DE ACCESO ADICIONAL DE MATERIA--TÉRMINO DE MATERIA
Término de materia o nombre geográfico como elemento de entrada Poesía española-
Subdivisión geográfica Valencia (Reino)-
Subdivisión de forma Biobibliografías.
9 (RLIN) 158823
650 #4 - PUNTO DE ACCESO ADICIONAL DE MATERIA--TÉRMINO DE MATERIA
Término de materia o nombre geográfico como elemento de entrada Poesía catalana-
Subdivisión geográfica Valencia (Reino)-
Subdivisión de forma Biobibliografías.
9 (RLIN) 158824
852 ## - LOCALIZACIÓN
Ubicación ES-MaACL
Número de control de estantería B-12042
Holdings
Estatus retirado Estado de pérdida Estado de daño No para préstamo Colección Biblioteca de origen Biblioteca actual Ubicación en estantería Fecha de adquisición Fuente de adquisición Total de préstamos Signatura topográfica completa Código de barras Visto por última vez Precio de reemplazo Tipo de ítem Koha
        Colección de referencia Biblioteca del Ateneo de Madrid Biblioteca del Ateneo de Madrid Sala Pardo Bazán 19/02/2016     B-12042 1194769 23/02/2023 23/02/2023 Libro impreso